000 00551nam a2200193Ia 4500
005 20250923144600.0
008 008 250917s9999 xx 000 0 eng d
037 _aTextual
040 _aDSWL
_beng
_cDSWL
041 _aeng
_2eng
084 _aYX,zF, N47;1
_qDSWL
100 _aPrav, K.L.M.
_9826311
245 0 _aCommunity organization
_cby K.L.M Prav.
260 _bUnion Association of Social Work
_c1950
300 _a28p.
700 _aW.I. Newsletter
_9826312
942 _cTEXL
_hYX,zF, N47;1
999 _c1440789
_d1440789